000 00798nam a2200217Ia 4500
999 _c3382
_d3382
003 OSt
005 20200422142952.0
008 191128t2011 mx br 000 j spa d
040 _aCO-JMCR
_cCOJMCR
041 0 _aspa
082 0 4 _aC /
_bJADb
100 1 _aJadczak, Izabela,
_eautora
_93423
245 1 0 _a¡Bandidos! /
_cIzabela Jadczak
260 _aMéxico :
_bLego,
_c©2011
300 _a24 páginas :
_c29 cm.
490 0 _aLego city
520 _aBandido: ¡Un verdadero profesional! Equipado con una palanca y vestido con ropa típica de prisión. Los policías de LEGO city lo reconocen fácilmente. Por eso, la prisión es su segundo hogar: ¡pasa muchísimo tiempo allí!
521 _aRecomendado para niños de 5 años.
650 _aCuentos infantiles
_93424
942 _2ddc
_cBK